书目信息 |
| 题名: |
封闭形和式初步
|
|
| 作者: | 及万会 , 张来萍 , 杨春艳 著 | |
| 分册: | ||
| 出版信息: | 北京 国家行政学院出版社 2014 |
|
| 页数: | 264页 | |
| 开本: | 24cm | |
| 丛书名: | ||
| 单 册: | ||
| 中图分类: | O121.1 | |
| 科图分类: | ||
| 主题词: | 和--研究 | |
| 电子资源: | ||
| ISBN: | 978-7-5150-0926-1 | |
| 000 | 01210nam0 2200277 450 | |
| 001 | 338312 | |
| 005 | 20150601152050.34 | |
| 010 | @a978-7-5150-0926-1@dCNY49.00 | |
| 100 | @a20140625d2014 em y0chiy50 ea | |
| 101 | 0 | @achi |
| 102 | @aCN@b110000 | |
| 105 | @ay z 000yy | |
| 106 | @ar | |
| 200 | 1 | @a封闭形和式初步@Afeng bi xing he shi chu bu@d= Preliminary of closed form@f及万会, 张来萍, 杨春艳著@zeng |
| 210 | @a北京@c国家行政学院出版社@d2014 | |
| 215 | @a264页@d24cm | |
| 300 | @a银川能源学院科研基金资助 | |
| 330 | @a本书利用一些数学工具和方法: 选取适当收缩公式, 利用发生函数与递推关系, 和角与差角的反正切公式, 剩余定理, 使用微积分方法和复变函数方法, 利用超几何级数的求和公式及库末 (kummer) 恒等式, 二阶矩阵A的n次幂A11中元素a11, a12, a21, a22与矩阵的迹与行列式关系, 利用r次单位根的性质, 已知的级数公式与级数和函数公式, 利用一个已知级数使用裂项法, 给出各种不同类型数学闭形和式。 | |
| 510 | 1 | @aPreliminary of closed form@zeng |
| 606 | 0 | @a和@x研究 |
| 690 | @aO121.1@v5 | |
| 701 | 0 | @a及万会@Aji wan hui@f(1942)@4著 |
| 701 | 0 | @a张来萍@Azhang lai ping@f(1979)@4著 |
| 701 | 0 | @a杨春艳@Ayang chun yan@f(1986)@4著 |
| 801 | 0 | @aCN@b卓展宏图@c20150525 |
| 905 | @dO121.1@e134@f4 | |
| 封闭形和式初步= Preliminary of closed form/及万会, 张来萍, 杨春艳著.-北京:国家行政学院出版社,2014 |
| 264页;24cm |
| 银川能源学院科研基金资助 |
| ISBN 978-7-5150-0926-1:CNY49.00 |
| 本书利用一些数学工具和方法: 选取适当收缩公式, 利用发生函数与递推关系, 和角与差角的反正切公式, 剩余定理, 使用微积分方法和复变函数方法, 利用超几何级数的求和公式及库末 (kummer) 恒等式, 二阶矩阵A的n次幂A11中元素a11, a12, a21, a22与矩阵的迹与行列式关系, 利用r次单位根的性质, 已知的级数公式与级数和函数公式, 利用一个已知级数使用裂项法, 给出各种不同类型数学闭形和式。 |
| ● |
| 相关链接 |
|
|
|
|
正题名:封闭形和式初步
索取号:O121.1/134
 
预约/预借
| 序号 | 登录号 | 条形码 | 馆藏地/架位号 | 状态 | 备注 |
| 1 | 861679 | 208616791 | 第二样本阅览室/ [索取号:O121.1/134] | 在馆 | |
| 2 | 861680 | 208616808 | 第三借阅区/ [索取号:O121.1/134] | 在馆 | |
| 3 | 861681 | 208616817 | 第三借阅区/ [索取号:O121.1/134] | 在馆 | |
| 4 | 861682 | 208616826 | 第三借阅区/ [索取号:O121.1/134] | 在馆 |